Statistics for Born in Worcester/Massachusetts

Click here to take the quiz!

General Stats

  • This quiz has been taken 8 times
  • The average score is 6 of 11

Answer Stats

HintAnswer% Correct
Gunsmith and co-founder of Smith & Wesson1825Daniel B. Wesson
100%
Co-founder of Fisher-Price Toys1884Irving Price
86%
Rapper, "I'm Not Racist" "I Love" "Lucky You"1988Joyner Lucas
71%
Creator of the world's first liquid-fueled rocket1882Robert H. Goddard
71%
Star and co-creator of "Rescue Me" and voice of Diego in "Ice Age"1957Denis Leary
57%
Actor and comedian, best known for his voice roles including Bob Belcher in "Bob's Burgers"1966H. Jon Benjamin
57%
Co-founder of the Youth International Party and member of the Chicago Seven1936Abbie Hoffman
43%
Designer of the smiley face and founder of the World Smile Foundation1921Harvey Ball
43%
Actor, "Trial" "Rancho Notorious" "The Man From Laramie"1914Arthur Kennedy
29%
Secretary of the Navy from 1845 to 1846, he established the United States Naval Academy at Annapolis1800George Bancroft
29%
Author of "The Physician" and "The Last Jew"1926Noah Gordon
29%

Score Distribution

Percentile by Number Answered

Percent of People with Each Score

Your Score History

You have not taken this quiz